La imprenta en la Nueva España (Record no. 7108)

MARC details
000 -CABECERA
campo de control de longitud fija 00571nam a2200217 a 4500
001 - NÚMERO DE CONTROL
campo de control BRCA_7432
005 - FECHA Y HORA DE LA ÚLTIMA TRANSACCIÓN
campo de control 20190320205832.0
008 - DATOS DE LONGITUD FIJA--INFORMACIÓN GENERAL
campo de control de longitud fija 050413s1938----mx-a######---#000-0#spa-#
041 ## - CÓDIGO DE LENGUA
Código de lengua del texto/banda sonora o título independiente spa
044 ## - CÓDIGO DEL PAÍS DE LA ENTIDAD EDITORA/PRODUCTORA
Código MARC del país mx
050 #4 - SIGNATURA TOPOGRÁFICA DE LA BIBLIOTECA DEL CONGRESO
Número de clasificación Z210
Número de documento/Ítem .I38 1938
100 1# - ENTRADA PRINCIPAL--NOMBRE DE PERSONA
Nombre de persona Iguiniz, Juan B.
9 (RLIN) 5568
245 10 - MENCIÓN DE TÍTULO
Título La imprenta en la Nueva España
Mención de responsabilidad, etc. Juan B. Iguiniz.
260 ## - PUBLICACIÓN, DISTRIBUCIÓN, ETC.
Lugar de publicación, distribución, etc. México
Nombre del editor, distribuidor, etc. Porrúa
Fecha de publicación, distribución, etc. 1938
300 ## - DESCRIPCIÓN FÍSICA
Extensión 61 p.
Otras características físicas il.
440 #0 - MENCIÓN DE SERIE/PUNTO DE ACCESO ADICIONAL--TÍTULO
Título Enciclopedia Ilustrada Mexicana
Designación de volumen o secuencia 8
9 (RLIN) 12018
500 ## - NOTA GENERAL
Nota general Q175
650 14 - PUNTO DE ACCESO ADICIONAL DE MATERIA--TÉRMINO DE MATERIA
Término de materia o nombre geográfico como elemento de entrada Imprenta
Subdivisión general Historia
Subdivisión geográfica México
9 (RLIN) 5745
902 ## - CATALOGADOR
Iniciales GFM
942 ## - ELEMENTOS DE PUNTO DE ACCESO ADICIONAL (KOHA)
Fuente del sistema de clasificación o colocación Library of Congress Classification
Tipo de ítem Koha Libros
Holdings
Estado de retiro Estado de pérdida Estado dañado No para préstamo Localización permanente Ubicación/localización actual Fecha de adquisición Número de inventario Total de préstamos Signatura topográfica completa Código de barras Fecha visto por última vez Precio válido a partir de Tipo de ítem Koha
El ejemplar forma parte de la colección y puede ser consultado según las políticas vigentes.       Biblioteca del Museo Franz Mayer (Rogerio Casas-Alatriste) Biblioteca del Museo Franz Mayer (Rogerio Casas-Alatriste) 05/04/2013 Q175   Z210 .I38 1938 (Q175) 8035 22/03/2019 22/03/2019 Libros